Fuzzy databases : (Record no. 14844)
[ view plain ]
| 000 -LEADER | |
|---|---|
| fixed length control field | 01592cam a22003494a 4500 |
| 001 - CONTROL NUMBER | |
| control field | 13959056 |
| 005 - DATE AND TIME OF LATEST TRANSACTION | |
| control field | 20060302142003.0 |
| 008 - FIXED-LENGTH DATA ELEMENTS--GENERAL INFORMATION | |
| fixed length control field | 050509s2006 paua f b 001 0 engs |
| 010 ## - LIBRARY OF CONGRESS CONTROL NUMBER | |
| LC control number | 2005013546 |
| 020 ## - INTERNATIONAL STANDARD BOOK NUMBER | |
| International Standard Book Number | 1591403243 (hc.) |
| 020 ## - INTERNATIONAL STANDARD BOOK NUMBER | |
| International Standard Book Number | 1591403251 (pbk.) |
| 020 ## - INTERNATIONAL STANDARD BOOK NUMBER | |
| International Standard Book Number | 159140326X (ebook) |
| 040 ## - CATALOGING SOURCE | |
| Original cataloging agency | DLC |
| Transcribing agency | DLC |
| Modifying agency | DLC |
| 042 ## - AUTHENTICATION CODE | |
| Authentication code | pcc |
| 050 00 - LIBRARY OF CONGRESS CALL NUMBER | |
| Classification number | QA76.9.D3 |
| Item number | G347 2006 |
| 082 00 - DEWEY DECIMAL CLASSIFICATION NUMBER | |
| Classification number | 005.74 |
| Edition number | 22 |
| Item number | GAL |
| 100 1# - MAIN ENTRY--PERSONAL NAME | |
| Personal name | Galindo, Jose, |
| Dates associated with a name | 1970- |
| 9 (RLIN) | 21322 |
| 245 10 - TITLE STATEMENT | |
| Title | Fuzzy databases : |
| Remainder of title | modeling, design, and implementation / |
| Statement of responsibility, etc | Jose Galindo, Angelica Urrutia, Mario Piattini. |
| 260 ## - PUBLICATION, DISTRIBUTION, ETC. (IMPRINT) | |
| Place of publication, distribution, etc | Hershey [Pa.] : |
| Name of publisher, distributor, etc | Idea Group Pub., |
| Date of publication, distribution, etc | c2006. |
| 300 ## - PHYSICAL DESCRIPTION | |
| Extent | xvi, 320 p. : |
| Other physical details | ill.; |
| Dimensions | 27 cm. |
| 500 ## - GENERAL NOTE | |
| General note | Includes Index. |
| 504 ## - BIBLIOGRAPHY, ETC. NOTE | |
| Bibliography, etc | Includes bibliographical references (p. 282-298) and index. |
| 520 ## - SUMMARY, ETC. | |
| Summary, etc | "This book includes an introduction to fuzzy logic, fuzzy databases and an overview of the state of the art in fuzzy modeling in databases"--Provided by publisher. |
| 650 #0 - SUBJECT ADDED ENTRY--TOPICAL TERM | |
| Topical term or geographic name as entry element | Database management. |
| 9 (RLIN) | 21323 |
| 650 #0 - SUBJECT ADDED ENTRY--TOPICAL TERM | |
| Topical term or geographic name as entry element | Fuzzy sets. |
| 9 (RLIN) | 21324 |
| 700 1# - ADDED ENTRY--PERSONAL NAME | |
| Personal name | Urrutia, Angelica. |
| 9 (RLIN) | 21325 |
| 700 1# - ADDED ENTRY--PERSONAL NAME | |
| Personal name | Piattini, Mario, |
| Dates associated with a name | 1966- |
| 9 (RLIN) | 21326 |
| 856 41 - ELECTRONIC LOCATION AND ACCESS | |
| Materials specified | Table of contents |
| Uniform Resource Identifier | <a href="http://www.loc.gov/catdir/toc/ecip0512/2005013546.html">http://www.loc.gov/catdir/toc/ecip0512/2005013546.html</a> |
| 942 ## - ADDED ENTRY ELEMENTS (KOHA) | |
| Source of classification or shelving scheme | Dewey Decimal Classification |
| Item type | Book - Borrowing |
| Withdrawn status | Item status | Source of classification or shelving scheme | Damaged status | Not for loan | Vendor | Home library | Current library | Shelving location | Date acquired | Source of acquisition | Total Checkouts | Total Renewals | Full call number | Barcode | Date last seen | Date last borrowed | Koha item type |
|---|---|---|---|---|---|---|---|---|---|---|---|---|---|---|---|---|---|
| Dewey Decimal Classification | Baccah | Central Library | Central Library | Lower Floor | 28/11/2010 | 1 | 3 | 005.74 GAL | 000022582 | 15/07/2025 | 14/12/2010 | Book - Borrowing |